| 000 | 00604nam a2200193 a 4500 | ||
|---|---|---|---|
| 005 | 20220916063449.0 | ||
| 008 | 991125c1963 bos 000 0 eng u | ||
| 035 | _aUPN01000052830 | ||
| 049 | _aCG | ||
| 050 | 4 |
_aLA205 _bE3.8 1963 |
|
| 100 | 1 | _aEdwards, Newton | |
| 245 | 1 | 4 |
_aThe school in the american social order / _cNewton Edwards, Herman G. Richey. |
| 250 | _a2a ed. | ||
| 260 |
_aBoston (E.U.A.) : _bHoughton Mifflin, _cc1963. |
||
| 300 | _axiii, 694 p., [24] p. de láms. | ||
| 650 | 7 |
_aEducación _zEstados Unidos _xHistoria _2 _916887 |
|
| 700 | 1 |
_aRichey, Herman G., _ecoaut. |
|
| 905 | _aLibro | ||
| 999 |
_c52830 _d52830 |
||